00342nam a2200133Ia 4500008004100000041000800041082001500049100002200064245002800086250001500114260004100129300003100170365000700201240624s9999 xx 000 0 und d aeng a302.35 ROB aROBBINS STEPHEN P aORGANIZATIONAL BEHAVIOR a(12th ed.) c2007aNew DelhibPrentice Hall India avii, : 759 : p. : cm. ; 28 cRS